Garston and others v Scottish Widows Fund & Life Assurance Society (Record no. 55863)

MARC details
000 -LEADER
fixed length control field 01846cab a2200289 4500
001 - CONTROL NUMBER
control field ABS59321
008 - FIXED-LENGTH DATA ELEMENTS--GENERAL INFORMATION
fixed length control field 090401t1998 xxu||||| |||| 00| 0 eng d
035 ## - SYSTEM CONTROL NUMBER
System control number (Sirsi) u88430
041 ## - LANGUAGE CODE
Language code of text/sound track or separate title eng
245 ## - TITLE STATEMENT
Title Garston and others v Scottish Widows Fund & Life Assurance Society
260 ## - PUBLICATION, DISTRIBUTION, ETC.
Date of publication, distribution, etc. 1998
350 ## - PRICE (NR) (BK AM CF MU VM SE) [OBSOLETE]
Price 0
490 ## - SERIES STATEMENT
Series statement Estates Gazette
Volume/sequential designation [1998] 32 EG 88-90(3)
520 ## - SUMMARY, ETC.
Summary, etc. CA 25 June 1998. The plaintiff G held a lease from S dated 10 July 1985, subject to early determination on six months` previous written notice at the expiration of the tenth year of the term, 23 June 1995. By letter dated 4 October 1994 G served notice to determine the lease on 9 July 1995, and also enclosed a request for a new tenancy from 10 July 1995, under s26 Landlord and Tenant Act 1954. The court dismissed G`s application for a declaration that the lease had determined on 23 June 1995, and decided that the request for a new tenancy infringed the proviso to s26(2) of the Act. G appealed. "Held" a reasonable recipient would have been left in no doubt that G wished to determine the lease on 23 June 1995, but had wrongly described the date as 9 July 1995; ten years from the lease date. The request for a new tenancy infringed the proviso to s26(2) as the commencement date of the new tenancy cannot be earlier than when the lease would determine by effluxion of time. Appeal allowed.
650 ## - SUBJECT ADDED ENTRY--TOPICAL TERM
Topical term or geographic name entry element BREAK CLAUSES
650 ## - SUBJECT ADDED ENTRY--TOPICAL TERM
Topical term or geographic name entry element COMMERCIAL PROPERTIES LTD V WOOD
650 ## - SUBJECT ADDED ENTRY--TOPICAL TERM
Topical term or geographic name entry element EFFLUXION OF TIME
650 ## - SUBJECT ADDED ENTRY--TOPICAL TERM
Topical term or geographic name entry element INCORRECT DATE
650 ## - SUBJECT ADDED ENTRY--TOPICAL TERM
Topical term or geographic name entry element LANDLORD AND TENANT
9 (RLIN) 6252
650 ## - SUBJECT ADDED ENTRY--TOPICAL TERM
Topical term or geographic name entry element MANNAI INVESTMENT CO LTD V EAGLE STAR LIFE ASSURANCE CO LTD UK
650 ## - SUBJECT ADDED ENTRY--TOPICAL TERM
Topical term or geographic name entry element REASONABLENESS
650 ## - SUBJECT ADDED ENTRY--TOPICAL TERM
Topical term or geographic name entry element SECTION 26 NOTICES
650 ## - SUBJECT ADDED ENTRY--TOPICAL TERM
Topical term or geographic name entry element VALIDITY OF NOTICE
690 ## - LOCAL SUBJECT ADDED ENTRY--TOPICAL TERM (OCLC, RLIN)
Topical term or geographic name as entry element LANDLORD AND TENANT-CASE LAW-BUSINESS TENANCIES
942 ## - ADDED ENTRY ELEMENTS (KOHA)
Suppress in OPAC 0
948 ## - LOCAL PROCESSING INFORMATION (OCLC); SERIES PART DESIGNATOR (RLIN)
c (OCLC) 11/09/1998
Holdings
Withdrawn status Lost status Source of classification or shelving scheme Damaged status Not for loan Home library Current library Shelving location Date acquired Total Checkouts Full call number Barcode Date last seen Copy number Price effective from Koha item type
    Dewey Decimal Classification     London London Journal article 14/09/1999   ABS59321 88430-1001 06/08/2019 1 06/08/2019 Law report